The Brill dictionary of religion / (Registro nro. 9698)

Detalles MARC
000 -LEADER
campo de control de longitud fija 03488cam a22007214i 4500
003 - IDENTIFICADOR DE NÚMERO DE CONTROL
campo de control PE-LiUPU
005 - FECHA Y HORA DE LA ÚLTIMA TRANSACCIÓN
campo de control 20250731172847.0
008 - DATOS DE LONGITUD FIJA--INFORMACIÓN GENERAL
campo de control de longitud fija 070618s2007 mauab rbd 001 0 eng
020 ## - NÚMERO INTERNACIONAL ESTÁNDAR DEL LIBRO
Número Internacional Estándar del Libro 9004151001
Información calificativa (Colección Completa)
020 ## - NÚMERO INTERNACIONAL ESTÁNDAR DEL LIBRO
Número Internacional Estándar del Libro 900416281X
Información calificativa (volumen 1)
020 ## - NÚMERO INTERNACIONAL ESTÁNDAR DEL LIBRO
Número Internacional Estándar del Libro 9004162828
Información calificativa (volumen 2)
020 ## - NÚMERO INTERNACIONAL ESTÁNDAR DEL LIBRO
Número Internacional Estándar del Libro 9004162836
Información calificativa (volumen 3)
020 ## - NÚMERO INTERNACIONAL ESTÁNDAR DEL LIBRO
Número Internacional Estándar del Libro 9004162844
Información calificativa (volumen 4)
020 ## - NÚMERO INTERNACIONAL ESTÁNDAR DEL LIBRO
Número Internacional Estándar del Libro 9789004151000
Información calificativa (Colección Completa)
020 ## - NÚMERO INTERNACIONAL ESTÁNDAR DEL LIBRO
Número Internacional Estándar del Libro 9789004162815
Información calificativa (volumen 1)
020 ## - NÚMERO INTERNACIONAL ESTÁNDAR DEL LIBRO
Número Internacional Estándar del Libro 9789004162822
Información calificativa (volumen 2)
020 ## - NÚMERO INTERNACIONAL ESTÁNDAR DEL LIBRO
Número Internacional Estándar del Libro 9789004162839
Información calificativa (volumen 3)
020 ## - NÚMERO INTERNACIONAL ESTÁNDAR DEL LIBRO
Número Internacional Estándar del Libro 9789004162846
Información calificativa (volumen 4)
035 ## - NÚMERO DE CONTROL DEL SISTEMA
Número de control de sistema (Sirsi) i9789004151000
040 ## - FUENTE DE CATALOGACIÓN
Centro catalogador/agencia de origen DLC
Lengua de catalogación eng
Centro/agencia transcriptor DLC
Centro/agencia modificador BAKER
-- BTCTA
-- C#P
-- YDXCP
-- OCLCQ
-- OXF
-- OCLCO
-- OCLCF
-- CFT
-- OCLCQ
-- PE-LiUPU
Normas de descripción rda
041 1# - CÓDIGO DE IDIOMA
Código de lengua del texto/banda sonora o título independiente eng
Código de lengua original ger
049 ## - FONDOS LOCALES (OCLC)
Biblioteca depositaria PRUA
082 00 - NÚMERO DE LA CLASIFICACIÓN DECIMAL DEWEY
Número de clasificación 200.3
Cutter B8
Número de edición 22
245 14 - MENCIÓN DEL TÍTULO
Título The Brill dictionary of religion /
Mención de responsabilidad, etc. edited by Kocku von Stuckrad ; revised edition of Metzler Lexikon Religion edited by Christoph Auffarth, Jutta Bernard and Hubert Mohr ; translated from the German by Robert R. Barr.
250 ## - MENCION DE EDICION
Mención de edición Rev. ed.
264 ## - PRODUCCIÓN, PUBLICACIÓN, DISTRIBUCIÓN, FABRICACIÓN Y COPYRIGHT
Producción, publicación, distribución, fabricación y copyright Leiden ; Boston :
Nombre del de productor, editor, distribuidor, fabricante Brill,
Fecha de producción, publicación, distribución, fabricación o copyright 2007.
300 ## - DESCRIPCIÓN FÍSICA
Extensión 4 volumenes :
Otras características físicas ilustraciones ;
Dimensiones 25 centímetros
336 ## - TIPO DE CONTENIDO
Término de tipo de contenido text
Código de tipo de contenido txt
Fuente rdacontent
337 ## - TIPO DE MEDIO
Nombre/término del tipo de medio unmediated
Código del tipo de medio n
Fuente rdamedia
338 ## - TIPO DE SOPORTE
Nombre/término del tipo de soporte volume
Código del tipo de soporte nc
Fuente rdacarrier
505 0# - NOTA DE CONTENIDO CON FORMATO
Nota de contenido con formato volumen 1. A-D -- volumen 2. E-L -- volumen 3. M-R -- volumen 4. S-Z.
526 ## - NOTA DE INFORMACIÓN SOBRE EL PROGRAMA DE ESTUDIO
Nombre del programa Segunda Especialidad En Profecías Bíblicas
526 ## - NOTA DE INFORMACIÓN SOBRE EL PROGRAMA DE ESTUDIO
Nombre del programa Segunda Especialidad En Nuevo Testamento
526 ## - NOTA DE INFORMACIÓN SOBRE EL PROGRAMA DE ESTUDIO
Nombre del programa Segunda Especialidad En Antiguo Testamento
526 ## - NOTA DE INFORMACIÓN SOBRE EL PROGRAMA DE ESTUDIO
Nombre del programa Segunda Especialidad En Estudios Adventistas
526 ## - NOTA DE INFORMACIÓN SOBRE EL PROGRAMA DE ESTUDIO
Nombre del programa Doctorado en teología
526 ## - NOTA DE INFORMACIÓN SOBRE EL PROGRAMA DE ESTUDIO
Nombre del programa Maestría en teología histórica
526 ## - NOTA DE INFORMACIÓN SOBRE EL PROGRAMA DE ESTUDIO
Nombre del programa Maestría en teología bíblica
526 ## - NOTA DE INFORMACIÓN SOBRE EL PROGRAMA DE ESTUDIO
Nombre del programa Maestría en teología
526 ## - NOTA DE INFORMACIÓN SOBRE EL PROGRAMA DE ESTUDIO
Nombre del programa Maestría en misionología
526 ## - NOTA DE INFORMACIÓN SOBRE EL PROGRAMA DE ESTUDIO
Nombre del programa Maestría en liderazgo eclesiástico
526 ## - NOTA DE INFORMACIÓN SOBRE EL PROGRAMA DE ESTUDIO
Nombre del programa Teología
534 0# - NOTA SOBRE LA VERSIÓN ORIGINAL
-- Título original :
Mención de título del original Metzler Lexikon Religion.
596 ## -
-- 1
650 #0 - PUNTO DE ACCESO ADICIONAL DE MATERIA--TÉRMINO DE MATERIA
Término de materia o nombre geográfico como elemento de entrada Religión
Subdivisión de forma Diccionarios.
650 #7 - PUNTO DE ACCESO ADICIONAL DE MATERIA--TÉRMINO DE MATERIA
Término de materia o nombre geográfico como elemento de entrada Religión.
9 (RLIN) 5128
655 #7 - TERMINO DE INDIZACIÓN--GENERO/FORMA
Datos o término principal de género/forma Diccionarios.
700 1# - ENTRADA AGREGADA--NOMBRE PERSONAL
Nombre de persona Stuckrad, Kocku von,
Fechas asociadas al nombre 1966- ,
Término indicativo de función/relación ditor.
856 41 - LOCALIZACIÓN Y ACCESO ELECTRÓNICOS
Materiales especificados Tabla de contenido
Identificador Uniforme de Recursos <a href="http://catdir.loc.gov/catdir/toc/ecip0721/2007025325.html">http://catdir.loc.gov/catdir/toc/ecip0721/2007025325.html</a>
856 41 - LOCALIZACIÓN Y ACCESO ELECTRÓNICOS
Materiales especificados Tabla de contenido
Identificador Uniforme de Recursos <a href="http://catdir.loc.gov/catdir/toc/ecip0721/2007025325.html">http://catdir.loc.gov/catdir/toc/ecip0721/2007025325.html</a>
910 ## - DATOS DE OPCIÓN DEL USUARIO (OCLC)
Datos de opción del usuario jck
-- ebj
-- ebj
-- 20160601
942 ## - ELEMENTOS DE ENTRADA SECUNDARIOS (KOHA)
Fuente del sistema de clasificación o colocación Clasificación Decimal Dewey
Tipo de ítem Koha
949 ## - PROCESAMIENTO DE INFORMACIÓN LOCAL (OCLC)
a 200.3 B8 1
w DEWEY
c 1
i 73373
l CCODEBUL1
m BUL
p 24.75
r 0
s Y
t BOOK
u 2016-6-1
x TEOLOGIA
-- P85
0 COMPRA
o .STAFF. Colección General Teología
949 ## - PROCESAMIENTO DE INFORMACIÓN LOCAL (OCLC)
a 200.3 B8 2
w DEWEY
c 1
i 73374
l CCODEBUL1
m BUL
p 24.75
r 0
s Y
t BOOK
u 2016-6-1
x TEOLOGIA
-- P85
0 COMPRA
o .STAFF. Colección Teología
949 ## - PROCESAMIENTO DE INFORMACIÓN LOCAL (OCLC)
a 200.3 B8 3
w DEWEY
c 1
i 73375
l CCODEBUL1
m BUL
p 24.75
r 0
s Y
t BOOK
u 2016-6-1
x TEOLOGIA
-- P85
0 COMPRA
o .STAFF. Colección Teología
949 ## - PROCESAMIENTO DE INFORMACIÓN LOCAL (OCLC)
a 200.3 B8 4
w DEWEY
c 1
i 73376
l CCODEBUL1
m BUL
p 24.75
r 0
s Y
t BOOK
u 2016-6-1
x TEOLOGIA
-- P85
0 COMPRA
o .STAFF. Colección Teología
994 ## -
-- C0
-- PEPRU
999 ## - NÚMEROS DE CONTROL DE SISTEMA (KOHA)
-- DEWEY
-- 73373
-- 2021-11-9
-- 5
-- CCODEBUL1
-- BUL
-- 24.75
-- 2
-- 0
-- Y
-- BOOK
-- 2016-6-1
-- TEOLOGIA
-- P85
-- COMPRA
-- .STAFF. Colección Teología
999 ## - NÚMEROS DE CONTROL DE SISTEMA (KOHA)
-- DEWEY
-- 73374
-- 2021-11-9
-- 5
-- CCODEBUL1
-- BUL
-- 24.75
-- 0
-- Y
-- BOOK
-- 2016-6-1
-- TEOLOGIA
-- P85
-- COMPRA
-- .STAFF. Colección Teología
999 ## - NÚMEROS DE CONTROL DE SISTEMA (KOHA)
-- DEWEY
-- 73375
-- 2021-11-9
-- 5
-- CCODEBUL1
-- BUL
-- 24.75
-- 0
-- Y
-- BOOK
-- 2016-6-1
-- TEOLOGIA
-- P85
-- COMPRA
-- .STAFF. Colección Teología
999 ## - NÚMEROS DE CONTROL DE SISTEMA (KOHA)
-- DEWEY
-- 73376
-- 2021-11-9
-- 5
-- CCODEBUL1
-- BUL
-- 24.75
-- 1
-- 0
-- Y
-- BOOK
-- 2016-6-1
-- TEOLOGIA
-- P85
-- COMPRA
-- .STAFF. Colección Teología
980 ## - EQUIVALENCIA O REFERENCIA-CRUZADA-MENCIÓN DE SERIE--NOMBRE DE PERSONA/TÍTULO [LOCAL, CANADÁ]
ID del último usuario que modificó el registro 1
Nombre del último usuario que modificó el registro ALBERTO SANCHEZ Responsable de Automatización
Existencias
Visto por última vez Número de inventario Total de préstamos Signatura topográfica completa Código de barras Copia número Coste, precio de reemplazo Fecha de reemplazo Facultad Tipo de ítem Koha Nota pública Estado de pérdida Fuente del sistema de clasificación o colocación Restricciones de uso No para préstamo Colección Programa académico Biblioteca de origen Biblioteca actual Ubicación en estantería Fecha de adquisición Fuente de adquisición Coste, precio normal de compra
2025-12-02 6   200.3 B8 1 73373 e1 29.75 2016-06-01   Libros físicos inventario-2023-12-13 No Perdido Clasificación Decimal Dewey No restringido Disponible para préstamos Colección General Maestría en teología Biblioteca CRAI UPeU Lima Biblioteca CRAI UPeU Lima Sala principal 2016-06-01 COMPRA 24.75
2025-12-02 6   200.3 B8 2 73374 e1 29.75 2016-06-01   Libros físicos inventario-2023-12-13 No Perdido Clasificación Decimal Dewey No restringido Disponible para préstamos Colección General Maestría en teología Biblioteca CRAI UPeU Lima Biblioteca CRAI UPeU Lima Sala principal 2016-06-01 COMPRA 24.75
2025-12-02 6   200.3 B8 3 73375 e1 29.75 2016-06-01   Libros físicos inventario-2023-12-13 No Perdido Clasificación Decimal Dewey No restringido Disponible para préstamos Colección General Maestría en teología Biblioteca CRAI UPeU Lima Biblioteca CRAI UPeU Lima Sala principal 2016-06-01 COMPRA 24.75
2025-12-02 6   200.3 B8 4 73376 e1 29.75 2016-06-01   Libros físicos inventario-2023-12-13 No Perdido Clasificación Decimal Dewey No restringido Disponible para préstamos Colección General Maestría en teología Biblioteca CRAI UPeU Lima Biblioteca CRAI UPeU Lima Sala principal 2016-06-01 COMPRA 24.75